| 000 | 01669nam a2200217Ia 4500 | ||
|---|---|---|---|
| 003 | OSt | ||
| 005 | 20211015162217.0 | ||
| 008 | 210310s2007 ck ado gr 000 0 spa d | ||
| 040 |
_aCO-JMCR _cCO-JMCR |
||
| 041 | 0 | _aspa | |
| 082 | 0 | 4 |
_a338.17373 / _bA798c _223 |
| 111 | 2 |
_aAsamblea ( _n71a. : _dnoviembre13 y 14 de 2007 : _cCartagena de Indias) _941195 |
|
| 245 | 1 | 0 |
_aCafé de Colombia : _b¿Cuánto debemos producir? _cLXXI Asamblea Anual de Exportadores de Café |
| 260 |
_aCartagena de Indias : _bAsociación Nacional de Exportadores de Café, _c2008. |
||
| 300 |
_a141 páginas : _bilustraciones, gráficas y fotografías ; _c23 cm. |
||
| 500 | _aMemoria LXXI Asamblea Cartagena de Indias noviembre 13 y 14 de 2007. | ||
| 505 | 0 |
_tEl negocio del desarrollo cafetero mundial: rentabilidad y calidad. / _rMauricio Bernal. -- _t¿Cuánto café producir? El cultivo requiere programación, planeación y estrategia. / _rGabriel Silva Luján. -- _tEl futuro del café colombiano. / _rMasaki Kondo. -- _tStarbucks y su política empresarial: la gente es lo primero. / _rColman Cuff. -- _tLa Marca Dunkin Donuts. / _rScott Hudler. -- _tEl café un cultivo que debe ser competitivo y rentable. / _rPedro Echavarría. -- _tEl entorno de los Fondos de Inversión y los Commodities. / _rMichael Corcoran. -- _tCafé brasilero: potencial de la producción, consumo interno y saldo exportable. / _rLuiz Otavio Araripe. -- _tLa economía colombiana y la política cafetera. / _rOscar Iván Zuluaga. -- _tPalabras en el foro cafetero 2007. / _rJorge Enrique Lozano. |
|
| 650 | 1 | 4 |
_aDesarrollo cafetero _941196 |
| 650 | 2 | 4 |
_aRentabilidad y calidad _xCafé _941197 |
| 942 |
_2ddc _cBK |
||
| 999 |
_c12627 _d12627 |
||